{"text_format":"3","workbook":"xls","n_sheets":1,"sheets":["试剂、耗材清单"],"not_rendered":{"external_links":1,"defined_names":1},"read":"whole","date_system":"1900","formulas":"cached_only"}

{"sheet":"试剂、耗材清单","index":0,"n_rows":624,"n_cols":7,"rows_kept":624,"merged":[[0,0,1,6]],"flags":["formulas_cached_only"]}
["合肥学院生化实验试剂、耗材申报表（2023-2024（1-2））"]
[]
["序号","物品名称","规格、参数","单位","数量","单价(元)","总价(元)"]
[1,"1000μl蓝吸头","500/袋",null,5,11,55]
[2,"25ml碱式滴定管","国产，量程范围25ml","个",5,26.5,132.5]
[3,"3,5-二硝基水杨酸","100g AR","瓶",3,50,150]
[4,"EDTA二钠","500g，AR，国药","瓶",4,16.5,66]
[5,"pH试纸","5.0～9.0","本",10,2.4,24]
[6,"pH试纸","pH 3.8-5.4","本",10,2.4,24]
[7,"白板笔","黑色","支",4,5,20]
[8,"白板擦",null,"块",1,5,5]
[9,"保鲜膜","无毒性PE（聚乙烯）,30cm*30m","卷",5,18,90]
[10,"称量纸","15*15cm,500张/包","本",2,22,44]
[11,"纯棉线绳子","直径2-2.5mm","米",20,0.2,4]
[12,"打火机",null,"个",10,1,10]
[13,"工业酒精","25L桶装","瓶",1,280,280]
[14,"卷纸","3层160g/卷，138mm*104mm","包",20,3.5,70]
[15,"量筒","50mL","只",5,4.2,21]
[16,"牛皮纸","120g，787mm*1092mm","张",20,2.5,50]
[17,"石棉手套",null,"付",5,22,110]
[18,"塑料滴管","包","包",2,10,20]
[19,"离心管","50mL，100个","包",2,70,140]
[20,"塑料离心管","10mL，包","袋",3,45,135]
[21,"锡箔纸","30cm宽，60m长，25μm厚","盒",3,30,90]
[22,"碳酸钙","500g，AR，国药","瓶",10,42,420]
[23,"硫酸镁","500g，AR，国药","瓶",1,17,17]
[24,"电子天平","610g/0.01g","台",1,260,260]
[25,"酒石酸钾钠","500g，AR，国药","瓶",3,45,135]
[26,"电磁炉","美的","台",1,210,210]
[27,"多孔插座","知名品牌5米10插","只",1,75,75]
[28,"电磁炉专用铁锅",null,"个",3,21,63]
[29,"橡皮筋",null,"袋",4,8,32]
[30,"葡萄糖","500g，AR，国药","瓶",15,16,240]
[31,"氢氧化钠","分析纯，500g,西陇","瓶",2,12,24]
[32,"硫酸铵","500g，AR，国药","瓶",1,20,20]
[33,"磷酸二氢钾","500g，AR，国药","瓶",1,35,35]
[34,"硫酸锌","分析纯，500g,国产","瓶",1,29,29]
[35,"琼脂粉","BR，250g","瓶",1,95,95]
[36,"一次性PE手套","100只/袋","袋",20,8.5,170]
[37,"1000μl蓝吸头","500/袋",null,1,11,11]
[38,"10mLEP管","100/包","包",1,15,15]
[39,"10μl白吸头","1000支/包","包",1,15,15]
[40,"200μl黄吸头","1000个/袋",null,1,11,11]
[41,"1.5 mL离心管","500个/袋",null,1,11,11]
[42,"记号笔","双头，油性","支",10,5,50]
[43,"无水乙醇","国药,AR,500mL","瓶",2,12,24]
[44,"乙酸","AR，500mL","瓶",2,14,28]
[45,"培养皿","9cm","个",20,3.8,76]
[46,"打火机",null,"个",5,1,5]
[47,"纯棉线绳子","直径2-2.5mm","米",50,0.2,10]
[48,"卷纸","3层160g/卷，138mm*104mm","包",20,3.5,70]
[49,"洗瓶","500mL","个",3,6.8,20.4]
[50,"医用脱脂纱布","高密度纱支:21s（经纱）*21s（纬纱）,0.5公斤","包",1,48,48]
[51,"脱脂棉","500g","袋",1,22,22]
[52,"剪刀","不锈钢","把",1,16,16]
[53,"一次性吸管","3ml3包 100个每包","包",8,10,80]
[54,"无水乙醇","500ml AR","瓶",5,12.5,62.5]
[55,"记号笔","双头，油性","支",10,5,50]
[56,"剪刀","不锈钢","把",4,16,64]
[57,"离心管","10mL,100个","包",2,28,56]
[58,"枪头","1mL","包",3,15,45]
[59,"塑料滴管","每包100支","袋",3,10,30]
[60,"三角瓶","250mL","个",40,6.5,260]
[61,"三角瓶","1000mL","个",4,16.8,67.2]
[62,"一次性塑料PE手套","100只/包","包",5,8.5,42.5]
[63,"插线板","六位五孔5米线","只",3,65,195]
[64,"离心管","50mL，100个","包",1,70,70]
[65,"保鲜膜","无毒性PE（聚乙烯），30cm*30m","卷",4,10,40]
[66,"精密pH试纸","5.5-9.0","本",4,2.8,11.2]
[67,"聚乙烯塑料密封瓶","60mL","只",2,2.5,5]
[68,"卷纸","3层160g/卷，138mm*104mm","包",10,3.5,35]
[69,"三角玻璃涂棒","中号","只",4,5,20]
[70,"试管及配套试管硅胶塞","15×150","套",20,1.9,38]
[71,"一次性塑料滴管","3ml,100个/包","包",2,8,16]
[72,"布氏漏斗及配套塞子","布氏漏斗直径8cm","套",1,28,28]
[73,"取样PE自封袋","14cm*20cm， 12丝 ","包",2,8,16]
[74,"取样PE自封袋","7cm*10cm， 12丝 ","包",2,5,10]
[75,"堆肥材料","新鲜蔬菜","斤",50,3,150]
[76,"洗手液","250mL","瓶",1,13,13]
[77,"洗洁精","500ml","瓶",2,4.5,9]
[78,"蛋白胨","AR,250g","瓶",2,38,76]
[79,"琼脂粉","BR，250g，进分","瓶",1,95,95]
[80,"酵母粉","A515245-0500， AR 500g","瓶",1,135,135]
[81,"胰蛋白胨","A505250-0500；95%，500g/瓶","桶",1,213,213]
[82,"84消毒液",null,"瓶",2,5.6,11.2]
[83,"标准pH缓冲剂","4，6.88，9.22","套",1,10,10]
[84,"显微镜擦镜纸","10*15cm，100张/本","本",1,3.5,3.5]
[85,"烧杯","50mL","个",10,2.6,26]
[86,"酸式滴定管","25ml","根",5,25,125]
[87,"塑料洗瓶","500ml","个",8,6.8,54.4]
[88,"精密pH试纸","5.5-9.0","本",8,2.4,19.2]
[89,"卷纸","3层160g/卷,38mm*104mm","包",10,3.5,35]
[90,"量筒","250mL","个",2,12.5,25]
[91,"标签纸","红色，22mm*28mm，中间有横线、得力","本",2,18,36]
[92,"不锈钢药勺","14cm","把",2,1.5,3]
[93,"称量纸"," 100mm×100mm,500张/包","包",2,8,16]
[94,"玻璃纤维滤纸","直径7cm，孔径0.45um","盒",2,80,160]
[95,"试剂瓶（棕色）","60mL","个",4,5.5,22]
[96,"布氏漏斗及配套塞子","布氏漏斗直径8cm","套",2,18,36]
[97,"容量瓶","250mL，北京博美","个",2,8.5,17]
[98,"容量瓶","100mL，北京博美","个",4,6.8,27.2]
[99,"尾接管","尺寸配氨氮蒸馏装置","个",4,14.5,58]
[100,"溶解氧瓶","250ml","个",4,24,96]
[101,"烧杯","1000mL，玻璃","个",2,10,20]
[102,"试管刷","小号","个",20,1,20]
[103,"温度计","红水0-100度","个",3,5.6,16.799999999999997]
[104,"硫酸铝钾","500g，AR，国药","瓶",1,28,28]
[105,"塑料量筒","100mL","只",10,4,40]
[106,"比色皿","1cm,玻璃","只",6,8,48]
[107,"玻璃棒","直径5-6mm,长30cm","根",10,2,20]
[108,"锥形瓶","250mL","个",10,5.8,58]
[109,"镊子","小号，钝头","个",5,8,40]
[110,"中筋面粉","1000g","袋",4,20,80]
[111,"COD消解管",null,"个",10,38,380]
[112,"塑料量筒","100mL","个",8,4,32]
[113,"烧杯","玻璃500mL","个",10,6.5,65]
[114,"烧杯","塑料50mL","个",20,2,40]
[115,"精密pH试纸","3.8-5.4","本",4,2.4,9.6]
[116,"精密pH试纸","5.5-9.0","本",10,2.4,24]
[117,"卷纸","3层160g/卷,38mm*104mm","包",20,3.5,70]
[118,"瓷坩埚","30mL","套",10,4,40]
[119,"防酸碱橡胶长手套","长55cm加长加厚XL","双",1,34,34]
[120,"中速定量滤纸","7cm","盒",4,18,72]
[121,"活性污泥","城市污水处理厂二沉池回流活性污泥","桶",2,20,40]
[122,"城市管网污水","城市污水处理厂格栅前进水","桶",4,20,80]
[123,"取样PE自封袋","7cm*10cm， 12丝 ","包",2,5,10]
[124,"取样PE自封袋","14cm*20cm， 12丝","包",2,7,14]
[125,"生物发酵罐专用补料瓶厌氧反应容器防爆试剂瓶","1L,带二通盖，耐腐蚀耐高温高压瓶","个",1,135,135]
[126,"硅胶管","与生物发酵罐专用补料瓶厌氧反应容器防爆试剂瓶瓶盖配套","米",5,12,60]
[127,"医用脱脂棉","国标，500g","包",2,24,48]
[128,"聚四氟乙烯磁力搅拌子","长度6cm，椭圆形","个",4,12,48]
[129,"一次性医用口罩","新国标，国产，无纺布，20个/包","包",20,4.6,92]
[130,"洗洁精","500mL","瓶",4,5.5,22]
[131,"打火机",null,"个",6,2,12]
[132,"防护眼镜","防化学飞溅","付",2,18,36]
[133,"硅胶塞","15*150","支",50,1.2,60]
[134,"硅胶塞","18*180","支",50,1.5,75]
[135,"蓝盖本色试剂瓶","100 mL","只",6,4.8,28.799999999999997]
[136,"蓝盖本色试剂瓶","250 mL","包",6,6.5,39]
[137,"温度计","0-100 度红水","个",6,5.6,33.599999999999994]
[138,"蓝月亮洗手液","500g/瓶","瓶",4,14.5,58]
[139,"一次性塑料滴管","5ml,100只/包","包",4,18,72]
[140,"菜刀",null,"把",2,35,70]
[141,"塑料菜板（大号）",null,"个",2,45,90]
[142,"保鲜膜","妙洁，无毒性PE（聚乙烯），30cm*30m","卷",8,9.5,76]
[143,"塑料烧杯","1000mL","个",2,7.8,15.6]
[144,"抽滤瓶（配套抽滤塞）","500 ml","个",1,36,36]
[145,"尾接管","配套定氮装置里面，24*2","个",2,14.5,29]
[146,"一次性塑料PE手套","100只/包","包",5,8.5,42.5]
[147,"一次性丁晴乳胶手套","无粉丁晴橡胶手套，独立包装，颜色为蓝色或者绿色，大号；50只/盒 ","盒",3,79,237]
[148,"试管刷","18*180","18*180",4,1,4]
[149,"三角瓶刷","1000mL","个",6,7,42]
[150,"消毒湿巾","内含75%酒精，80片毎袋","袋",4,24,96]
[151,"25L储水桶","圆大口25升带大水龙头，材质特厚","个",2,35,70]
[152,"工业酒精","25L","桶",1,280,280]
[153,"枪头","1000微升","包",4,18,72]
[154,"培养皿","9cm","个",100,3.4,340]
[155,"垃圾袋","可套水桶","包",4,12,48]
[156,"称量纸","15*15cm,500张/包","本",2,32,64]
[157,"活性炭","1kg","袋",1,28,28]
[158,"称量纸","9*9cm","包",3,10,30]
[159,"纱布","500g","袋",2,48,96]
[160,"试管架","18mm*180mm试管配套,不锈钢","只",4,45,180]
[161,"锥形瓶","250mL","个",20,5.8,116]
[162,"标准pH缓冲剂","4，6.88，9.22","套",2,12,24]
[163,"记号笔","得力","支",6,2.8,16.799999999999997]
[164,"独立包装无菌吸管","1ml","100个",2,45,90]
[165,"枪头盒","1000μL","盒",6,8,48]
[166,"塑料培养皿","直径9cm，加厚款","个",40,3.5,140]
[167,"质粒小量抽提试剂盒","50次","盒",1,88,88]
[168,"Xho I","2000 U","支",1,108,108]
[169,"卷纸","3层160g/卷，138mm*104mm","包",24,3,72]
[170,"95%乙醇","AR,500ml","瓶",24,7,168]
[171,"无水乙醇","国药,AR,500mL","瓶",24,7.5,180]
[172,"DH5α菌种","0.2ML*5","支",1,70,70]
[173,"75%医用乙醇",null,"瓶",6,10,60]
[174,"一次性塑料PE手套","100只/包","包",5,6,30]
[175,"保鲜膜","无毒性PE（聚乙烯）,30cm*30m","卷",3,10,30]
[176,"比色皿","1cm,玻璃","只",12,7,84]
[177,"称量纸","15*15cm,500张/包","本",1,22,22]
[178,"定性滤纸（11cm)","直径11cm","盒",4,13.6,54.4]
[179,"无水乙醇","500ml AR","瓶",20,12.5,250]
[180,"药勺","双头，不锈钢","个",5,4.5,22.5]
[181,"塑料旋盖离心管","50mL，包","包",4,70,280]
[182,"塑料离心管","5mL，包","包",2,45,90]
[183,"卷纸","蓝色维达3层180g/卷，138mm*104mm","包",10,3.5,35]
[184,"垃圾袋","可套水桶","包",5,10,50]
[185,"铝箔纸","35cm×91.4m","盒",1,26,26]
[186,"纱布","500g","袋",4,48,192]
[187,"枪头","1000微升","包",3,15,45]
[188,"枪头","200uL，包","袋",2,15,30]
[189,"塑料离心管","2mL","包",2,45,90]
[190,"烧杯","50mL","个",20,2.6,52]
[191,"烧杯","100mL","个",20,2.8,56]
[192,"烧杯","250mL、玻璃","个",10,3.8,38]
[193,"烧杯","500ml、玻璃","个",6,6.5,39]
[194,"瓷盘","30×20cm","个",2,30,60]
[195,"焦亚硫酸钾","符合食品添加剂标准","kg",1,65,65]
[196,"锥形瓶","250mL","个",40,6.5,260]
[197,"白砂糖","500g","包",5,10,50]
[198,"葡萄酒果酒专用酵母","安琪，RW适合酿造深色果酒，10g","包",3,15,45]
[199,"石英比色皿","10mm，12.4×12.4×45mm","个",2,110,220]
[200,"棉绳","卷","卷",5,2,10]
[201,"保鲜膜","妙洁，无毒性PE（聚乙烯）,30cm*30m","卷",3,9.5,28.5]
[202,"称量纸","100mm*100mm,500张/包 120g","本",2,10,20]
[203,"定性滤纸（11cm)","直径11cm","盒",2,13.6,27.2]
[204,"糯米","500g","袋",3,5,15]
[205,"食盐","500g","袋",1,3,3]
[206,"甜酒曲","8g","袋",2,2.5,5]
[207,"白砂糖","500g","包",2,10,20]
[208,"雀巢全脂牛奶奶粉","不含蔗糖，大豆提取物，粉末状","袋",3,45,135]
[209,"洗洁精","500ml","瓶",3,6.5,19.5]
[210,"纱布","500g","袋",1,48,48]
[211,"电子天平","610g/0.01g","台",1,280,280]
[212,"卷纸","蓝色维达3层180g/卷，138mm*104mm","包",10,3.5,35]
[213,"八角","50g","袋",2,10,20]
[214,"桂皮","50g","袋",2,5,10]
[215,"香叶","50g","袋",2,5,10]
[216,"干辣椒","50g","袋",2,5,10]
[217,"保鲜膜","妙洁，无毒性PE（聚乙烯）,30cm*30m","卷",3,9.5,28.5]
[218,"称量纸","100mm*100mm,500张/包 120g","本",2,10,20]
[219,"食盐","500g","袋",1,3,3]
[220,"甜酒曲","8g","袋",2,2.5,5]
[221,"白砂糖","500g","包",2,10,20]
[222,"雀巢全脂牛奶奶粉","不含蔗糖，大豆提取物，粉末状","袋",3,45,135]
[223,"洗洁精","500ml","瓶",3,6.5,19.5]
[224,"纱布","500g","袋",1,48,48]
[225,"一次性杯子","妙洁，240mL","包",2,10,20]
[226,"卷纸","蓝色维达3层180g/卷，138mm*104mm","包",10,3.5,35]
[227,"δ-葡萄糖酸内酯","1kg","袋",1,45,45]
[228,"塑料烧杯","500mL","个",6,6.5,39]
[229,"塑料烧杯","250mL","个",6,3,18]
[230,"搪瓷缸","1000ml","个",3,18,54]
[231,"糯米","500g","袋",3,5,15]
[232,"黄豆","500g","袋",3,5,15]
[233,"五香粉","500g","瓶",1,10,10]
[234,"清洁球",null,"个",6,2.5,15]
[235,"称量纸","100mm*100mm,500张/包 120g","本",1,10,10]
[236,"滤纸","中号12.5cm","盒",2,16.5,33]
[237,"烧杯","100ml、玻璃","只",10,2.8,28]
[238,"烧杯","250mL、玻璃","个",10,3.8,38]
[239,"药勺","不锈钢","根",10,1.5,15]
[240,"玻璃漏斗","9cm","只",10,6.5,65]
[241,"试管架","18mm*180mm试管配套,不锈钢","只",3,45,135]
[242,"比色皿","1cm,玻璃","只",8,7,56]
[243,"试管刷","18*180","18*180",6,1,6]
[244,"洗洁精","500ml","瓶",2,6.5,13]
[245,"250 mL锥形瓶","250 mL","个",20,6.5,130]
[246,"广口棕色试剂瓶","1000mL，茶色，磨砂玻璃塞","只",1,11.9,11.9]
[247,"试剂瓶","1000ml","个",1,10.6,10.6]
[248,"95%乙醇","AR,500ml","瓶",4,10,40]
[249,"偏磷酸","分析纯，5g,","瓶",1,275,275]
[250,"Phenol-Chloroform- Isoamyl alcohol mixture, pH 8.0 酚,氯仿,异戊醇溶液 (25:24:1)","100mL","瓶",1,210,210]
[251,"TaKaRa Taq™","1000U","支",1,438,438]
[252,"无水乙醇","国药,AR,500mL","瓶",2,13.5,27]
[253,"蛋白酶K","100mg","支",1,300,300]
[254,"2 mL离心管","500个/袋","袋",4,28,112]
[255,"1000μl蓝吸头","500个/袋","袋",3,18,54]
[256,"200μl黄吸头","1000个/袋","袋",1,18,18]
[257,"10μl白吸头","1000个/袋","袋",2,16,32]
[258,"一次性塑料PE手套","100只/包","包",6,8.5,51]
[259,"牛皮纸","120g，787mm*1092mm","张",4,2.5,10]
[260,"塑料量筒","100mL","只",2,4,8]
[261,"塑料量筒","500mL","只",2,12,24]
[262,"塑料量筒","1L","只",2,22,44]
[263,"塑料烧杯","1000mL","个",2,7.8,15.6]
[264,"塑料烧杯","500mL","个",2,6.5,13]
[265,"带锤研钵","60mm","个",2,9,18]
[266,"棉绳","卷","卷",10,2,20]
[267,"塑料滴管","包","包",1,8,8]
[268,"三角玻璃棒",null,"只",10,10,100]
[269,"镊子",null,null,10,8,80]
[270,"蕃红","25g",null,1,25,25]
[271,"牛皮纸","张",null,10,2.5,25]
[272,"药勺","不锈钢","根",15,4,60]
[273,"药勺","牛角","塑料",15,3.5,52.5]
[274,"吸水纸","包","包",5,3.2,16]
[275,"试管刷","15*150","15*150",10,1,10]
[276,"试管刷","18*180","18*180",10,1.5,15]
[277,"黄色乳胶管","和90mm漏斗下口配套","和90mm漏斗下口配套",1,5,5]
[278,"三角瓶刷",null,null,10,2.5,25]
[279,"盖玻片","盒",null,5,10,50]
[280,"棉花","包",null,1,24,24]
[281,"牛津杯",null,null,50,5,250]
[282,"接种针镍铬丝","包","包",10,3,30]
[283,"棉绳","卷","卷",5,2,10]
[284,"塑料滴管","包","包",1,8,8]
[285,"脱脂棉","包","包",1,24,24]
[286,"牙签","盒","盒",1,5,5]
[287,"搪瓷缸","1000ml",null,5,18,90]
[288,"镜台测微尺",null,null,2,100,200]
[289,"试管及配套试管硅胶塞","15×150","套",50,1.5,75]
[290,"试管及配套硅胶塞","18*180mm","只",50,1.5,75]
[291,"烧杯","50ml",null,10,5,50]
[292,"工业酒精","25L","桶",1,280,280]
[293,"pH试纸","1-14","本",12,2,24]
[294,"滴管","小","包",1,8,8]
[295,"吸水纸","包","包",4,3.2,12.8]
[296,"棉绳","卷","卷",5,2,10]
[297,"黄色乳胶管","和90mm漏斗下口配套","和90mm漏斗下口配套",1,2,2]
[298,"移液枪头",null,null,1,16,16]
[299,"工业酒精","25L桶装","瓶",1,280,280]
[300,"盖玻片","小盒","盒",10,5,50]
[301,"标签纸","小","张",10,1.8,18]
[302,"称量纸","中","本",1,8,28]
[303,"吸水纸","包","包",5,3.2,16]
[304,"棉绳","卷","卷",5,2,10]
[305,"牛皮纸","大",null,10,2.5,25]
[306,"抹布",null,null,6,8,48]
[307,"量筒","材质塑料，量程100ml，上面的刻度为蓝色字体","个",5,6.8,34]
[308,"无水乙醇","国药,AR,500mL","瓶",1,12,12]
[309,"离心管","1ml","包",1,16,16]
[310,"离心管",10,"包",1,34,34]
[311,"玻璃棒",null,null,10,2,20]
[312,"三角涂布器",null,null,10,7,70]
[313,"医用脱脂纱布","高密度纱支:21s（经纱）*21s（纬纱）,0.5公斤","包",1,48,48]
[314,"塑料滴管","每包100支","袋",1,10,10]
[315,"塑料离心管","5mL，包","袋",1,45,45]
[316,"塑料离心管","50mL，包","袋",1,70,70]
[317,"不锈钢锅","口 36cm","只",6,45,270]
[318,"颗粒状活性炭","500g","瓶",2,18,36]
[319,"垃圾袋","宽（32+6+6）cm*长46cm","包",2,10,20]
[320,"一次性PE手套","100只/袋","袋",6,8.5,51]
[321,"一次性丁晴乳胶手套","材质丁晴乳胶，颜色为蓝色或者绿色，中号以上","盒",6,40,240]
[322,"载玻片","50片","盒",1,8,8]
[323,"枪头","10uL，包","袋",5,15,75]
[324,"枪头","1mL","包",5,15,75]
[325,"枪头","200uL，包","袋",5,15,75]
[326,"pH试纸","1.0～14.0","本",1,1.7,1.7]
[327,"pH试纸","5.0～9.0","本",1,2.4,2.4]
[328,"pH试纸","pH 3.8-5.4","本",1,2.4,2.4]
[329,"称量纸","15*15cm,500张/包","本",1,22,22]
[330,"定性滤纸（11cm)","直径11cm","盒",1,13.6,13.6]
[331,"卷纸","3层160g/卷，138mm*104mm","包",20,3.5,70]
[332,"氢氧化钠","500g","瓶",1,12,12]
[333,"锥形瓶","150mL","只",6,null,18]
[334,"锥形瓶","500mL","只",6,null,30]
[335,"石英比色皿",null,"对",1,null,90]
[336,"容量瓶","500mL","只",2,null,84]
[337,"pH广泛试纸（1-14）","50本","盒",1,null,45]
[338,"中速定性滤纸","18cm","盒",8,null,80]
[339,"白色试剂瓶","500mL","只",2,null,14]
[340,"HgI2",null,"瓶",2,null,280]
[341,"KI",null,"瓶",2,null,320]
[342,"C4H4KNaO6·4H2O",null,"瓶",3,null,42]
[343,"NaOH",null,"瓶",2,null,14]
[344,"FeCl3·6H2O",null,"瓶",4,null,40]
[345,"FeSO4 ·7H2O",null,"瓶",4,null,32]
[346,"C6H12O6",null,"瓶",1,null,14]
[347,"KH2PO4",null,"瓶",1,null,15]
[348,"CaCl2",null,"瓶",1,null,12]
[349,"MgSO4 ·7H2O",null,"瓶",1,null,16]
[350,"NaHCO3",null,"瓶",1,null,10]
[351,"NH4Cl",null,"瓶",1,null,8]
[352,"MnSO4·H2O",null,"瓶",1,null,30]
[353,"酵母膏",null,"瓶",1,null,38]
[354,"卫生卷纸",null,"包",12,null,36]
[355,"抽滤瓶（配套抽滤塞）","500 ml","个",2,null,55]
[356,"电厂一级粉煤灰",null,"袋","5kg",null,50]
[357,"1,4-二甲氧基苯（CAS：150-78-7）",null,"瓶",1,null,40]
[358,"维生素C","25g","瓶",1,10,10]
[359,"LST肉汤","250克","瓶",2,78,156]
[360,"2，6－二氯酚靛酚","分析纯，5g,","瓶",1,238,238]
[361,"卷纸","3层160g/卷，138mm*104mm","包",10,3.5,35]
[362,"pH试纸","5.0～9.0","本",4,2.4,9.6]
[363,"pH试纸","pH 3.8-5.4","本",4,2.4,9.6]
[364,"精密pH试纸","0.5-5.0","本",4,2.4,9.6]
[365,"精密pH试纸","pH(5.4-7）","本",4,2.4,9.6]
[366,"精密pH试纸","pH(6.9-8.4）","本",4,2.4,9.6]
[367,"精密pH试纸","pH(1-14）","盒",4,1.7,6.8]
[368,"塑料离心管（平底）","10mL，旋盖","袋",1,45,45]
[369,"工业酒精","1L桶装","瓶",1,12,12]
[370,"试管","18*180mm","只",50,1.5,75]
[371,"红富士苹果",null,"斤",20,8,160]
[372,"医用脱脂纱布","高密度纱支:21s（经纱）*21s（纬纱）,0.5公斤","包",1,48,48]
[373,"油性记号笔",null,"支",4,5,20]
[374,"玻璃小管","9*30（包/200支）","盒",1,60,60]
[375,"蛋白胨","AR,250g","瓶",1,35,35]
[376,"硫酸镁","500g，AR，国药","瓶",1,17,17]
[377,"氯霉素","25g UPS","瓶",1,65,65]
[378,"孟加拉红培养基","BR，250g","瓶",1,115,115]
[379,"酵母膏","AR,500g","瓶",1,45,45]
[380,"氯化钠","500g，AR，国药","瓶",1,10,10]
[381,"MC培养基","250g","瓶",2,95,190]
[382,"MRS培养基","250g","瓶",4,85,340]
[383,"灯芯","酒精灯","包",10,1,10]
[384,"打火机",null,"个",1,5,5]
[385,"麸皮",null,"kg",1,10,10]
[386,"面粉",null,"kg",1,12,12]
[387,"酵母粉","A515245-0500， AR 500g","瓶",1,135,135]
[388,"牛肉膏","BR，500g","瓶",1,150,150]
[389,"蛋白胨","AR,250g","瓶",1,38,38]
[390,"麦芽糖","分析纯500mL","瓶",2,15,30]
[391,"葡萄糖","AR,500g","瓶",6,7,42]
[392,"蔗糖","AR,500g","瓶",6,10,60]
[393,"氯化钠","500g，AR，国药","瓶",6,9,54]
[394,"无水乙醇","AR,500g","瓶",3,9.5,28.5]
[395,"工业酒精","25L","桶",1,220,220]
[396,"磷酸二氢钾","500g，AR，国药","瓶",6,22,132]
[397,"磷酸二氢钠","500g，AR，国药","瓶",6,20,120]
[398,"磷酸氢二钠","500g，AR，国药","瓶",6,15,90]
[399,"磷酸","AR,500g","瓶",1,16,16]
[400,"3,5-二硝基水杨酸","AR","瓶",1,32,32]
[401,"酒石酸钾钠","AR,500g","瓶",2,18,36]
[402,"考马斯亮蓝G-250","AR","瓶",1,22,22]
[403,"氢氧化钠","分析纯，500g,国产，粉末状","瓶",1,10,10]
[404,"亚硫酸钠NaNO3",null,null,1,26,26]
[405,"刻度试管25ml",null,"个",50,4.5,225]
[406,"枪头","1000微升","包",8,15,120]
[407,"枪头盒","1.5ml","个",6,8,48]
[408,"pH试纸","5.0～9.0","本",10,2.5,25]
[409,"保鲜膜","30cm,10m","卷",6,5.5,33]
[410,"卷纸","心相印、清风","包",20,3.2,64]
[411,"标签纸","中","本",6,2.8,16.799999999999997]
[412,"称量纸","9*9cm","包",3,10,30]
[413,"玻璃棒","直径5-6mm,长30cm","根",10,2,20]
[414,"不锈钢药匙",null,"只",6,4.5,27]
[415,"剪刀",null,"把",2,9,18]
[416,"接种针",null,"包",1,3,3]
[417,"比色皿","1cm,玻璃","只",20,7,140]
[418,"离心管","50mL","包",2,80,160]
[419,"塑料量筒","100mL","只",8,6.8,54.4]
[420,"塑料量筒","500mL","只",6,12,72]
[421,"广口试剂瓶(棕色）","1L","只",12,6.8,81.6]
[422,"棉线",null,"卷",10,3,30]
[423,"纱布","500g","袋",6,32,192]
[424,"脱脂棉","500g","袋",1,15,15]
[425,"橡皮筋",null,"袋",5,8,40]
[426,"牛皮纸","70g","张",10,1.5,15]
[427,"塑料烧杯","1000mL","个",1,7.8,7.8]
[428,"塑料烧杯","500mL","个",6,6.5,39]
[429,"搪瓷缸","1L","只",6,18,108]
[430,"一次性塑料PE手套","100只/包","包",8,8.5,68]
[431,"一次性滴管","3ml","包",12,8,96]
[432,"移液管","10mL","支",30,5,150]
[433,"移液管","5mL","支",20,3.8,76]
[434,"鞋套","加长加大","只",300,0.2,60]
[435,"锥形瓶","250mL","个",100,5.8,580]
[436,"锥形瓶塞","对应250ml锥形瓶",null,150,1,150]
[437,"离心管","50mL，100个","包",1,70,70]
[438,"塑料滴管","2ml,每包100支","袋",8,10,80]
[439,"玻璃棒","直径5-6mm,长30cm","根",30,2.5,75]
[440,"透析袋","透析袋MD25(8000-14000D)，","米",5,30,150]
[441,"试剂瓶托盘","335mm×265mm×65mm，壁厚≥2mm","个",8,26.5,212]
[442,"刻度塑料烧杯","500mL",null,10,6.5,65]
[443,"塑料量筒","100mL","只",5,6.8,34]
[444,"塑料量筒","500mL","只",5,6.8,34]
[445,"塑料量筒","1L","只",5,6.8,34]
[446,"无水乙醇","500ml","瓶",5,12,60]
[447,"三氯乙酸","分析纯，500g","瓶",1,48,48]
[448,"碳酸钙","500g，AR，国药","瓶",1,22,22]
[449,"石英砂","中等颗粒","瓶",1,18,18]
[450,"枪头","1mL","包",4,15,60]
[451,"枪头","200uL，包","袋",4,15,60]
[452,"30-60℃石油醚","AR，500ml,国产，沸程30-60℃","瓶",3,12,36]
[453,"冰醋酸","分析纯500mL","瓶",2,16,32]
[454,"草酸铵","500g  AR","瓶",1,23.5,23.5]
[455,"记号笔","双头，油性","支",10,5,50]
[456,"甲醇","分析纯，500ml,国产","瓶",2,12,24]
[457,"酪蛋白","AR,250g","瓶",1,65,65]
[458,"磷酸","500mL,AR，国药","瓶",1,20,20]
[459,"硫酸铵","500g，AR，国药","瓶",1,13,13]
[460,"硼酸","500g，AR，国药","瓶",1,21,21]
[461,"显微镜擦镜纸","10*15cm，100张/本","本",4,3.5,14]
[462,"药勺","不锈钢","根",10,1.5,15]
[463,"一次性PE手套","100只/袋","袋",10,8.5,85]
[464,"正丁醇","分析纯，500ml,国产","瓶",1,21.5,21.5]
[465,"垃圾袋","宽（32+6+6）cm*长46cm","包",3,10,30]
[466,"称量纸","15*15cm,500张/包","本",2,22,44]
[467,"定性滤纸（11cm)","直径11cm","盒",3,13.6,40.8]
[468,"电子天平","610g/0.01g","台",1,280,280]
[469,"蔗糖","500g","瓶",1,21,21]
[470,"酵母粉","A515245-0500， AR 500g","瓶",1,135,135]
[471,"胰蛋白胨","A505250-0500；95%，500g/瓶","桶",1,213,213]
[472,"琼脂粉","BR，250g，进分","瓶",2,95,190]
[473,"医用脱脂纱布","高密度纱支:21s（经纱）*21s（纬纱）,0.5公斤","包",2,48,96]
[474,"一次性丁晴乳胶手套","材质丁晴乳胶，颜色为蓝色或者绿色，中号","盒",1,79,79]
[475,"垃圾袋","可套水桶","包",2,12,24]
[476,"玻璃棒","直径5-6mm,长30cm","根",6,2,12]
[477,"三角瓶","250mL","个",20,6.5,130]
[478,"碳酸钙","500g，AR，国药","瓶",1,42,42]
[479,"塑料量筒","100mL","只",7,4,28]
[480,"蛋白胨","AR,250g","瓶",2,38,76]
[481,"保鲜膜","妙洁,无毒性PE（聚乙烯）,30cm*30m","卷",4,18,72]
[482,"卷纸","维达,3层160g/卷，138mm*104mm","包",10,3.5,35]
[483,"棉线绳","粗的，直径大于2-2.5mm","米",8,2,16]
[484,"脱脂棉","500g","袋",4,24,96]
[485,"洗衣粉","1千克\\袋","袋",3,12.5,37.5]
[486,"试管刷","18*180","18*180",4,1,4]
[487,"三角瓶刷","1000mL","个",4,7,28]
[488,"牙签","包","包",2,2,4]
[489,"载玻片","50片","盒",3,8,24]
[490,"硅胶塞","15*150","支",50,1.2,60]
[491,"硅胶塞","18*180","支",50,1.5,75]
[492,"84消毒液",null,"瓶",2,5.6,11.2]
[493,"一次性塑料滴管","5ml,100只/包","包",2,18,36]
[494,"工业酒精","25L桶装","瓶",1,280,280]
[495,"酒精灯","150ml","个",10,6,60]
[496,"冰乙酸","AR，500mL","瓶",4,16,64]
[497,"聚四氟乙烯磁力搅拌子","长度3cm","个",10,6.5,65]
[498,"烧杯","250mL、玻璃","个",10,4.5,45]
[499,"1ml移液管","材质玻璃，总量程1ml.","个",10,5,50]
[500,"2ml移液管","材质玻璃，总量程2ml.","个",10,5,50]
[501,"洗洁精","500ml","瓶",4,5.5,22]
[502,"数显不锈钢水浴锅","两孔HH-2","台",1,400,400]
[503,"30-60℃石油醚","AR，500ml,国产，沸程30-60℃","瓶",8,18,144]
[504,"卷纸","3层160g/卷，138mm*104mm","包",50,3.5,175]
[505,"氢氧化钠","分析纯，500g,国产，粉末状","瓶",2,22,44]
[506,"垃圾袋","宽（32+6+6）cm*长46cm","包",6,10,60]
[507,"5号电池","5号，南孚","个",8,2.5,20]
[508,"7号电池","7号，南孚","个",12,2.5,30]
[509,"医用乳胶管","内径6mm*外径9mm.长度8m","包",1,30,30]
[510,"磷酸","500mL,AR，国药","瓶",2,62,124]
[511,"纯净水","500ml","瓶",24,3.5,84]
[512,"橡皮筋",null,"袋",1,10,10]
[513,"洗衣粉","500g","袋",4,8.5,34]
[514,"移液管助吸器","红色，移液范围10-25mL","个",20,20,400]
[515,"橡胶管","细，和真空吸头相配","米",30,8,240]
[516,"Tris（三（羟甲基）氨基甲烷）","500g，AR，索莱宝","瓶",2,160,320]
[517,"标准pH缓冲剂","4，6.88，9.22","套",5,12,60]
[518,"锥形瓶","50mL","只",15,3.8,57]
[519,"止水夹",null,"个",20,3,60]
[520,"保鲜膜","无毒性PE（聚乙烯）,30cm*30m","卷",4,9.5,38]
[521,"防酸碱橡胶长手套","长55cm加长加厚XL","双",2,34,68]
[522,"枪头","1000μL","袋",2,18,36]
[523,"量筒","250mL","只",4,20,80]
[524,"擦镜纸","ZEISS 200s","本",5,3.8,19]
[525,"带盖小冰格","65格，单格子尺寸1.5cm*1.5cm*1.5cm","个",4,20,80]
[526,"标签纸","2.3*1.2cm,80张/包","本",1,18,18]
[527,"标签纸","红色,22mm*28mm,中间有横线 80张/包","本",1,18,18]
[528,"大张滤纸","定性中速 60cm*60cm","张",40,1.5,60]
[529,"电吹风","二档，2000w，折叠式，知名品牌","个",2,65,130]
[530,"PE手套","包","包",40,8.5,340]
[531,"TEMED","100g，AR，国产沪试","瓶",1,100,100]
[532,"布氏漏斗","材质陶瓷，直径10cm","个",5,24,120]
[533,"试管","18*180mm","只",200,1.8,360]
[534,"一次性丁晴乳胶手套","材质丁晴乳胶，颜色为蓝色或者绿色，大号","盒",1,79,79]
[535,"BK401计时器","颜色白色，带磁铁，使用7号电池一节","个",10,18,180]
[536,"磨口抽滤瓶","250mL,24口磨口","个",5,30,150]
[537,"玻璃漏斗","直径6cm","个",20,3,60]
[538,"锥形瓶","50mL","只",40,3.8,152]
[539,"试管","18*180mm","只",300,1.8,540]
[540,"梨形瓶","500mL    24#磨口","只",4,30,120]
[541,"黑全麦粉","500g,含麦麸，袋装","袋",2,11,22]
[542,"中筋面粉","1000g，袋装","袋",2,20,40]
[543," 面包粉","500g，袋装","袋",2,12,24]
[544,"三氯乙酸","分析纯，500g","瓶",1,138,138]
[545,"一次性纸杯","228ml.50只/包","包",5,12,60]
[546,"黄豆","500g","袋",4,5,20]
[547,"烧杯","2000，玻璃","只",2,28,56]
[548,"苋菜红色素","20g,食品级","个",1,20,20]
[549,"pH复合电极（雷磁）","E-201-C","只",2,120,240]
[550,"白容量瓶","100ml，玻璃","个",15,6.8,102]
[551,"白容量瓶","250ml，玻璃","个",10,12.8,128]
[552,"云南白药创口贴","100片/盒（轻巧透气型）,生产日期不得早于2023年6月","盒",4,30,120]
[553,"一次性丁晴乳胶手套","材质丁晴乳胶，颜色为蓝色或者绿色，小号","盒",2,79,158]
[554,"一次性丁晴乳胶手套","材质丁晴乳胶，颜色为蓝色或者绿色，中号","盒",6,79,474]
[555,"一次性丁晴乳胶手套","材质丁晴乳胶，颜色为蓝色或者绿色，大号","盒",2,79,158]
[556,"一次性口罩","国产，无纺布","包",40,4.6,184]
[557,"75%医用乙醇","100ml/瓶，生产日期不得早于2023年6月","瓶",10,10,100]
[558,"碘伏消毒液","100ml/瓶，碘含量0.45%-0.55%,生产日期不得早于2023年6月","瓶",10,8,80]
[559,"诺氟沙星凝胶","10g/盒，生产日期不得早于2023年6月","包",10,20,200]
[560,"防烫伤药膏","生产日期不得早于2020年6月","盒",10,20,200]
[561,"硼酸洗液","250mL/瓶，生产日期不得早于2023年6月","瓶",10,12,120]
[562,"碳酸氢钠洗液","100mL/瓶，生产日期不得早于2023年6月","瓶",10,10,100]
[563,"一次性棉签","50个/包，生产日期不得早于2020年6月","包",20,4,80]
[564,"3M82500经济型面屏支架",null,"个",2,120,240]
[565,"消毒湿巾","内含75%酒精，80片毎袋","袋",2,30,60]
[566,"一次性丁晴乳胶手套","材质丁晴乳胶，颜色为蓝色或者绿色，大号","盒",2,79,158]
[567,"旋转拖把桶及拖把","单驱动型","个",1,100,100]
[568,"不锈钢持物夹","长80cm","个",6,20,120]
[569,"防酸碱防护服及手套防护靴","防护服XXXXL/手套大号/靴子43号","个",6,140,840]
[570,"密封胶带","银色加厚款，宽6cm，长20米","个",5,25,125]
[571,"塑料洗瓶","500ml","只",5,6.8,34]
[572,"pH试纸"," 1-14","本",10,1.8,18]
[573,"不锈钢钢瓶架","40L,蓝色，100cm高，底座30cm30cm","个",2,186,372]
[574,"实验服挂钩","18个一套（强力加厚粘背胶）","个",3,20,60]
[575,"实验服衣架","20支一套（灰色，塑料制）","套",3,15,45]
[576,"苯酚","AR,500g","瓶",1,32,32]
[577,"pH试纸","1-14","本",10,1.8,18]
[578,"苏氨酸","25g","瓶",1,34,34]
[579,"氢氧化钾","分析纯，500g","瓶",1,32,32]
[580,"纯净水","500ml","瓶",24,3.5,84]
[581,"称量纸","15*15cm,500张/包","本",2,32,64]
[582,"数显不锈钢水浴锅","两孔HH-2","台",3,400,1200]
[583,"5ml移液管","材质玻璃，总量程5ml.","个",10,5,50]
[584,"移液管","10ml","根",10,6.5,65]
[585,"比色皿","1cm,玻璃","只",10,8,80]
[586,"比色皿架","751型，10mm，8孔","个",10,7,70]
[587,"药勺","双头，不锈钢","把",5,8,40]
[588,"雀巢全脂牛奶奶粉","不含蔗糖，大豆提取物，粉末状","袋",3,45,135]
[589,"石棉网","15cm*15cm","个",20,4,80]
[590,"云南白药创口贴","100片/盒（轻巧透气型）,生产日期不得早于2023年6月","盒",4,30,120]
[591,"一次性丁晴乳胶手套","材质丁晴乳胶，颜色为蓝色或者绿色，小号","盒",2,79,158]
[592,"一次性丁晴乳胶手套","材质丁晴乳胶，颜色为蓝色或者绿色，中号","盒",6,79,474]
[593,"一次性丁晴乳胶手套","材质丁晴乳胶，颜色为蓝色或者绿色，大号","盒",2,79,158]
[594,"一次性口罩","国产，无纺布","包",40,4.6,184]
[595,"洗手液",null,"瓶",10,15,150]
[596,"无纺布袋","16cm*21cm.100个/包","包",10,25,250]
[597,"一次性丁晴乳胶手套","材质丁晴乳胶，颜色为蓝色或者绿色，大号","盒",2,79,158]
[598,"消毒湿巾","内含75%酒精，80片毎袋","袋",2,30,60]
[599,"单联电炉","可调式单联底座，功率为1000W。周长16*16cm.","个",2,85,170]
[600,"雀巢全脂牛奶奶粉","不含蔗糖，大豆提取物，粉末状","袋",1,45,45]
[601,"雪碧","2.25L","瓶",2,12.5,25]
[602,"可乐","2.25L","瓶",2,12.5,25]
[603,"工业酒精","25L","桶",2,280,560]
[604,"氢氧化钠","分析纯，500g,国药，粉末状","瓶",2,22,44]
[605,"甲醇","色谱纯4L merck","瓶",1,250,250]
[606,"pH试纸","1.0～14.0","本",5,1.8,9]
[607,"保鲜膜","无毒性PE（聚乙烯）,30cm*30m","卷",1,9.5,9.5]
[608,"垃圾袋","宽（32+6+6）cm*长46cm","包",2,8,16]
[609,"橡皮筋","250g/包","袋",1,10,10]
[610,"洗洁精","白猫 500ml","瓶",4,5.5,22]
[611,"一次性口罩","国产，无纺布","包",3,4.6,13.799999999999999]
[612,"剪刀","得力","把",2,10,20]
[613,"瓷盘","30×20cm","个",2,35,70]
[614,"称量纸","15*15cm,500张/包","本",1,32,32]
[615,"标准pH缓冲剂","4，6.88，9.22","套",5,12,60]
[616,"1000μl蓝吸头","500个/袋","袋",2,18,36]
[617,"200μl黄吸头","1000个/袋","袋",1,18,18]
[618,"10μl白吸头","1000个/袋","袋",2,16,32]
[619,"一次性塑料PE手套","100只/包","包",2,8.5,17]
[620,"试管刷","180*18","个",50,1.5,75]
[{"$nulls":4},5066,null,47425.79999999999]